=LDR 00000nam 2200000 4500 =001 INLIS000000000045500 =005 20150203142709.0 =006 =007 =008 =035 ##$$0010-021500000000060 =040 ##$$a NBPDMAT =082 ##$$a 533.072 4 =090 ##$$a 533.072 4 $c Fah m =100 ##$$a Fahmi Zaki. M =245 ##$$a Menyelidiki Udara/ $c M. Fahmi Zaki; Editor M. Ruslin =250 ##$$a Cet.2 =260 ##$$a Jakarta : $b Musi Perkasa Utama, $c 2009 =300 ##$$av, 91 1 hlm. : $b ilus. ; $c 25 cm. =500 ##$$a Bibliografi : hlm89 - 90 =650 ##$$a Udara - Eksperimen =700 ##$$a M. Ruslin =850 ##$$a NBPDMAT